| 000 | 01169nam a22003497a 4500 | ||
|---|---|---|---|
| 005 | 20260225125017.0 | ||
| 008 | 260225b |||||||| |||| 00| 0 eng d | ||
| 020 | _a9788119415694 | ||
| 037 | _cTB | ||
| 040 |
_aLCT _cLCT |
||
| 041 |
_2hin _ahin _heng |
||
| 084 | _aZ2,75,15 R0;R5 | ||
| 100 |
_aGaur, K D _9864502 |
||
| 245 |
_aBharatiya Nyaya Sanhita, 2023 (BNS 2023) _h(Hindi)/ |
||
| 250 | _a3rd ed. | ||
| 260 |
_aPrayagraj (Allahabad), India: _bCentral Law Agency, _c2025 |
||
| 300 | _aixxiv, 872p. | ||
| 365 |
_aINR _b760 _cINR |
||
| 650 |
_a Indian Penal Code _9754948 |
||
| 650 |
_aIndian and International Courts _9864503 |
||
| 650 |
_aLaw _9864504 |
||
| 650 |
_aBNS Act _9864505 |
||
| 650 |
_a India’s new criminal code _9864506 |
||
| 650 |
_aBharatiya Nyaya Sanhita (BNS) _9864507 |
||
| 650 |
_aCriminal Procedure Code _9864508 |
||
| 650 |
_aIndian Evidence Act _9864509 |
||
| 650 |
_aCriminal law _9864510 |
||
| 650 |
_aCriminal law India _9735012 |
||
| 650 |
_aLaw Commentaires _9754949 |
||
| 700 |
_aBabel, Basanti Lal _91116632 |
||
| 942 |
_2CC _cTB _hZ2,75,15 R0;R5 _n0 |
||
| 999 |
_c1680234 _d1680234 |
||